Statistics for Milwaukee Bucks 2016-17 Roster

Click here to take the quiz!

General Stats

  • This quiz has been taken 434 times
    (359 since last reset)
  • The average score is 7 of 16

Answer Stats

NbrPostPlayer% Correct
34Forward-GuardGiannis Antetokounmpo
99%
22Guard-ForwardKhris Middleton
85%
13GuardMalcolm Brogdon
58%
12ForwardJabari Parker
56%
-Head CoachJason Kidd
51%
15CenterGreg Monroe
50%
7Forward-CenterThon Maker
48%
21Guard-ForwardTony Snell
47%
31Center-ForwardJohn Henson
45%
8GuardMatthew Dellavedova
41%
3GuardJason Terry
30%
35ForwardMirza Teletovic
24%
9ForwardMichael Beasley
22%
20GuardRashad Vaughn
21%
00Forward-CenterSpencer Hawes
21%
6Guard-ForwardAxel Toupane
4%

Score Distribution

Percentile by Number Answered

Percent of People with Each Score

Your Score History

You have not taken this quiz since the last reset